000 00726nam a22002177a 4500
999 _c14425
_d14425
003 AR-CdUCM
008 190423b ||||| |||| 00| 0 spa d
020 _a978-987-1710-84-3
040 _aMUNICIPALIDAD PROVINCIAL DEL CUSCO
_cBIBLIOTECA MUNICIPAL DEL CUSCO
082 _aPI / 803 /
_bF81
100 _aSchuff, Nicolás
_933185
245 _aAna y la maldición de las pecas /
260 _aBuenos Aires :
_bUranito Editores,
_c2012.
300 _a94 páginas ;
_bIlustraciones,
_c21 cm.
505 _aContenido: Ana y la maldición de las pecas.
650 _aCuentos infantiles
_93927
650 _aCuentos Argentinos
_92794
700 _aFraticelli, Damián
_933186
942 _2ddc
_cLIBROS
945 _acmm
_d2019-04-23